Score 0/20 Timer 04:00
2 Plays Today
% Correct
Correct, Titanic is not flipped.
95%
Correct, The Shawshank Redemption is not flipped.
85.3%
Correct, E.T. is flipped.
84.4%
Correct, Slumdog Millionaire is not flipped.
82.7%
Correct, Lady and the Tramp is not flipped.
79.7%
Correct, Singin' in the Rain is not flipped.
78.6%
Correct, Austin Powers is not flipped.
77.1%
Correct, Thelma and Louise is not flipped.
76.1%
Correct, Dirty Dancing is not flipped.
72.9%
Correct, Willy Wonka & the Chocolate Factory is not flipped.
72.7%
% Correct
Correct, The Shining is flipped.
64.8%
Correct, Midnight Cowboy is flipped.
54.9%
Correct, The Usual Suspects is flipped.
53.4%
Correct, Mean Girls is flipped.
52%
Correct, When Harry Met Sally is flipped.
51.9%
Correct, Harry Potter and the Sorcerer's Stone is flipped.
51%
Correct, The Lion King is flipped.
47.4%
Correct, Pulp Fiction is flipped.
44.9%
Correct, Star Wars is flipped.
43.8%
Correct, The Hangover is flipped.
30%
Remove Ads.
Support Sporcle.
Get the best of Sporcle when you Go Orange. This ad-free experience offers more features, more stats, and more fun while also helping to support Sporcle. Thank you for becoming a member.

You're not logged in!

Compare scores with friends on all Sporcle quizzes.
OR
Log In

Show Comments

Extras

Top Quizzes Today


Score Distribution

Your Account Isn't Verified!

In order to create a playlist on Sporcle, you need to verify the email address you used during registration. Go to your Sporcle Settings to finish the process.

Report this User

Report this user for behavior that violates our Community Guidelines.

Details: